BSOP header

The Bible exposition commentary : (Record no. 6192)

MARC details
000 -LEADER
fixed length control field 00651nam a2200157 4500
008 - FIXED-LENGTH DATA ELEMENTS--GENERAL INFORMATION
fixed length control field 020516s1989 ilu engta
090 #0 - LOCALLY ASSIGNED LC-TYPE CALL NUMBER (OCLC); LOCAL CALL NUMBER (OCLC)
Classification number (OCLC) (R) ; Classification number, CALL (RLIN) (NR) 225.7077
Local cutter number (OCLC) ; Book number/undivided call number, CALL (RLIN) W63
100 1# - MAIN ENTRY--PERSONAL NAME
Personal name Wiersbe, Warren W.
245 10 - TITLE STATEMENT
Title The Bible exposition commentary :
Remainder of title an exposition of the New Testament comprising the entire "Be series /
Statement of responsibility, etc Warren W. Wiersbe.
260 ## - PUBLICATION, DISTRIBUTION, ETC. (IMPRINT)
Place of publication, distribution, etc Illinois :
Name of publisher, distributor, etc SP Publications;
Place of publication, distribution, etc Manila :
Name of publisher, distributor, etc CLAIM,
Date of publication, distribution, etc c1989.
300 ## - PHYSICAL DESCRIPTION
Extent 2 volumes.
505 0# - FORMATTED CONTENTS NOTE
Formatted contents note v. 1 Matthew - Galatians; v. 2 Ephesians - Revelations.
650 #4 - SUBJECT ADDED ENTRY--TOPICAL TERM
Topical term or geographic name as entry element Bible. N.T.
General subdivision Commentaries.
950 0# - LOCAL HOLDINGS (RLIN)
-- (v.1); Php165.00
-- (v.2)
951 ## - EQUIVALENCE OR CROSS-REFERENCE-GEOGRAPHIC NAME/AREA NAME [OBSOLETE] [CAN/MARC only]
-- 14224
-- 225.7077/W63-2
-- 070613111113531
-- 2000-12-21
-- FIL
Holdings
Withdrawn status Lost status Damaged status Not for loan Home library Current library Shelving location Date acquired Accession number Shelving control number Total Checkouts Full call number Date last seen Price effective from Koha item type
        BSOP Library BSOP Library Filipiniana 12/21/2000 14224 127   225.7077/W63-2 02/23/2013 02/23/2013 Books
BSOP

Biblical Seminary of the Philippines
  All rights Reserved
  © 2024

CONTACT INFORMATION

Biblical Seminary of the Philippines,
  77-B Karuhatan Road, Valenzuela City,
  PHILIPPINES 1441
  Phone: +632 8292-6795 / 8292-6798
  Fax : +632 8292-6675
  Email: library@bsop.edu.ph